000
00268nam a2200109Ia 4500
008
230907s9999||||xx |||||||||||||| ||und||
082
_a
576.5
_b
KRE
100
_a
Krebs, Jocelyn E.,
_9
116173
245
0
_a
Lewin's genes XII /
300
_a
xxv, 837 pages :
942
_c
BK
999
_c
601448
_d
601448